Most Key strokes - 15 second sprint - Statistics

General Stats
  • This quiz has been taken 636 times
  • The average score is 81 of 160
Answer Stats
Answer % Correct
W
100%
E
97%
W
95%
E
94%
E
92%
W
92%
W
92%
E
90%
W
89%
E
87%
E
86%
E
86%
W
86%
W
86%
W
86%
E
85%
W
84%
E
83%
E
83%
E
83%
E
83%
W
83%
W
83%
W
83%
W
83%
E
82%
W
82%
E
81%
E
80%
E
80%
E
80%
W
80%
W
80%
W
80%
W
80%
E
79%
W
78%
E
77%
E
77%
W
77%
W
77%
E
76%
W
76%
E
74%
E
73%
E
73%
W
73%
W
73%
E
71%
W
71%
E
70%
W
70%
W
70%
E
68%
E
67%
W
67%
W
67%
E
65%
E
64%
E
64%
W
64%
W
64%
W
62%
E
60%
E
60%
E
60%
E
60%
W
60%
W
60%
W
60%
W
58%
E
57%
W
57%
E
56%
E
55%
E
55%
W
55%
W
55%
W
55%
E
54%
W
53%
E
52%
W
52%
E
50%
E
49%
W
49%
W
49%
E
48%
W
48%
E
47%
E
45%
W
45%
W
45%
E
44%
W
44%
E
43%
E
43%
W
43%
E
41%
W
41%
E
39%
W
39%
E
38%
W
38%
E
36%
W
36%
W
36%
E
35%
E
35%
W
35%
E
34%
W
34%
E
33%
W
33%
W
31%
E
30%
W
30%
E
29%
W
28%
E
27%
E
26%
W
26%
W
26%
E
23%
W
23%
E
22%
W
22%
E
20%
W
20%
E
18%
W
17%
E
15%
E
15%
W
15%
E
13%
E
13%
W
13%
W
13%
E
12%
W
12%
W
12%
E
11%
E
11%
E
11%
W
11%
W
11%
W
11%
E
10%
E
10%
E
10%
W
10%
W
10%
E
8%
E
8%
E
8%
W
8%
W
8%
W
8%
E
7%
W
7%
No matching quizzes found
Score Distribution
Percent of People with Each Score
Percentile by Number Answered
Your Score History
You have not taken this quiz